El grupo T (Registro nro. 17420)

Detalles MARC
000 -LEADER
fixed length control field 00300 a2200109 4500
001 - CONTROL NUMBER
control field ART_2465
005 - DATE AND TIME OF LATEST TRANSACTION
control field 20260410161726.0
008 - FIXED-LENGTH DATA ELEMENTS--GENERAL INFORMATION
fixed length control field 260409a
100 1# - MAIN ENTRY--PERSONAL NAME
Personal name Allen, Louis A.
245 10 - TITLE STATEMENT
Title El grupo T
773 0# - HOST ITEM ENTRY
Title Administración de empresas
Related parts - Año 5, Nº 57 (dic. 1974)
Record control number REV2036

No hay ítems disponibles.